駅名に「花」が含まれる日本の鉄道駅 - Statistics

General Stats
  • This quiz has been taken 191 times
  • The average score is 16 of 45
Answer Stats
路線名 Answer % Correct
東北本線/釜石線 花巻
74%
釜石線 新花巻
71%
西武新宿線 花小金井
61%
山陰本線 花園
56%
京成本線 お花茶屋
56%
ことでん長尾線 花園
56%
ハピラインふくい線/越美北線 越前花堂
52%
秩父鉄道秩父本線 御花畑
51%
近鉄奈良線 東花園
50%
わたらせ渓谷線 花輪
50%
京王線 芦花公園
49%
京急本線 花月総持寺
49%
阪急宝塚線 雲雀丘花屋敷
46%
花輪線 鹿角花輪
45%
西鉄天神大牟田線 花畑
45%
東武伊勢崎線 花崎
41%
東北本線 花巻空港
40%
Osaka Metro 御堂筋線 北花田
40%
神戸市営地下鉄海岸線 三宮・花時計前
39%
神戸高速線 花隈
38%
外房線 浪花
36%
近鉄奈良線 河内花園
34%
釧網本線 原生花園
32%
Osaka Metro 四つ橋線 花園町
32%
神鉄有馬線 花山
32%
東北本線 花泉
30%
身延線 東花輪
29%
東海道本線 立花
29%
福井鉄道福武線 花堂
25%
山田線 花原市
24%
西鉄貝塚線 香椎花園前
23%
根室本線 野花南
21%
磐越西線 咲花
21%
烏山線 下野花岡
21%
秩父鉄道秩父本線 ふかや花園
21%
岩徳線 周防花岡
18%
福島交通飯坂線 花水坂
17%
日南線 木花
15%
明知鉄道明知線 花白温泉
15%
土讃線 岡花
14%
伊予鉄道横河原線 いよ立花
14%
飯山線 立ケ花
13%
阪堺線 花田口
10%
三岐鉄道北勢線 蓮花寺
9%
熊本市電 花畑町
9%
No matching quizzes found
Score Distribution
Percent of People with Each Score
Percentile by Number Answered
Your Score History
You have not taken this quiz